2020-2021 UEFA Champions League Teams - Statistics

General Stats
  • This quiz has been taken 581 times
  • The average score is 23 of 32
Answer Stats
Group Team % Correct
Group B Real Madrid
96%
Group A Bayern Munich
95%
Group D Liverpool
95%
Group C Manchester City
95%
Group G Barcelona
94%
Group H Manchester United
94%
Group H Paris Saint-Germain
94%
Group E Chelsea
93%
Group F Borussia Dortmund
90%
Group B Inter Milan
89%
Group G Juventus
89%
Group A Atlético Madrid
88%
Group C Porto
81%
Group H RB Leipzig
79%
Group D Ajax
78%
Group E Sevilla
75%
Group D Atalanta
69%
Group C Marseille
68%
Group F Lazio
66%
Group B Borussia Mönchengladbach
56%
Group F Club Brugge
56%
Group G Dynamo Kyiv
56%
Group A Red Bull Salzburg
56%
Group B Shakhtar Donetsk
55%
Group F Zenit Saint Petersburg
52%
Group H İstanbul Başakşehir
50%
Group C Olympiacos
50%
Group A Lokomotiv Moscow
46%
Group E Rennes
46%
Group G Ferencváros
40%
Group E Krasnodar
34%
Group D Midtjylland
27%
No matching quizzes found
Score Distribution
Percent of People with Each Score
Percentile by Number Answered
Your Score History
You have not taken this quiz